000 00224nam a22000857a 4500
008 160804b xxu||||| |||| 00| 0 eng d
100 _910
_aLessen D
245 _aScholastic Dinosaurus A to Z
260 _aNew Delhi
_bScholastic
_c2003
999 _c2660
_d2660